| 000 | 00765nam a2200217 a 4500 | ||
|---|---|---|---|
| 001 | 000005870 | ||
| 005 | 20200929151823.0 | ||
| 008 | 090824s1989 dr 001 0 spa d | ||
| 040 |
_aDO-SdBNP _bsoa _cBNPHU |
||
| 082 |
_a344.72930103 _bP592d |
||
| 100 | 1 |
_aPichardo Cabral, Luis _916546 |
|
| 245 | 1 | 0 |
_aDiccionario laboral dominicano / _cLuis Pichardo Cabral. |
| 260 |
_aSanto Domingo : _bTiempo, _c1989. |
||
| 300 |
_a381 p. ; _c22 cm. |
||
| 490 | 0 |
_aEdicciones laborales _v3 |
|
| 500 | _aIncluye índice | ||
| 650 | 4 |
_aTrabajadores _xDiccionario _zRepública Dominicana _916547 |
|
| 650 | 4 |
_aTrabajo y trabajadores _xDiccionario _916548 |
|
| 650 | 4 |
_aDerecho de los trabajadores _xDiccionario _zRepública Dominicana _916549 |
|
| 830 | 0 |
_aEdicciones laborales _v3 _916550 |
|
| 999 |
_c5666 _d5666 |
||